| 000 | 00698nam a2200217 a 4500 | ||
|---|---|---|---|
| 001 | 000013107 | ||
| 005 | 20240412074237.0 | ||
| 008 | 091120s2004 dr 000 j spa d | ||
| 020 | _a9993496707 | ||
| 040 |
_aDO-SdBNP _bspa _cBNPHU |
||
| 082 |
_aRD863.44 _bS211de |
||
| 100 | 1 |
_aSánchez, Fidel _930222 |
|
| 245 | 1 | 3 |
_aEl destino jugó con ellos / _cFidel Sánchez ; prólogo Ramón Puello Báez. |
| 260 |
_aSanto Domingo : _bParamac, _c2004. |
||
| 300 |
_a101 p. ; _c22 cm. |
||
| 590 | _aInventariado, 2020/VM | ||
| 650 | 0 |
_aCuentos dominicanos _9176 |
|
| 650 | 0 |
_aLiteratura dominicana. _967 |
|
| 700 | 1 |
_aPuello Báez, Ramón, _epról. _930223 |
|
| 910 | _aValidado. Control de calidad MMOLINA | ||
| 999 |
_c12749 _d12749 |
||